000 00528nam a2200193Ia 4500
003 GCL
008 140319s9999 xx 000 0 ara d
040 _aGCL /
_cGCL
082 0 4 _a142.7
_bا ص
100 1 _aادونيس
245 1 0 _aالصوفية والسوريالية /
_cادونيس
260 _a[S.N] :
_bدار الساقى ،
_c1992
300 _a292 ص
490 _a
650 0 4 _aالفلسفة الحديثة
650 0 4 _aالتجريدية
650 0 4 _aالحركات الفكرية
942 _2ddc
_cBK
999 _c45578
_d45578